[Event "Spijkenisse op"]
[Site "Spijkenisse"]
[Date "2010.05.16"]
[Round "6"]
[White "Hoogland, Rob"]
[Black "Van Dongen, Gerard"]
[Result "1-0"]
[WhiteElo "1703"]
[BlackElo "1647"]
[PlyCount "55"]
[EventDate "2010.05.14"]
[EventType "swiss"]
[EventRounds "6"]
[EventCountry "NED"]
[SourceTitle "CBM 136 Extra"]
[Source "ChessBase"]
[SourceDate "2010.07.02"]
[SourceVersion "2"]
[SourceVersionDate "2010.07.15"]
[SourceQuality "1"]

1. e4 c5 2. Nc3 Nc6 3. f4 d6 4. Bb5 Bd7 5. Nf3 e6 6. 0-0 a6 7. Bxc6 Bxc6 8. d3 g6 9. Qe1 Ne7 10. Rb1 Bg7 11. Qh4 d5 12. Bd2 Qc7 13. Kh1 b5 14. Rfe1 b4 15. Nd1 dxe4 16. dxe4 Qb7 17. Nf2 Rd8 18. Be3 Nf5 19. exf5 Bxf3 20. gxf3 Qxf3+ 21. Kg1 0-0 22. f6 Bh8 23. Bxc5 Rfe8 24. Re3 Qd5 25. Be7 Rc8 26. Qh6 Rxe7 27. fxe7 Bg7 28. Qg5 1-0